000 00524nam a2200181Ia 4500
003 GCL
008 140319s9999 xx 000 0 eng d
040 _aGCL /
_cGCL
082 0 4 _a150.195
_bA D
100 1 _aANASTASI, ANNE
245 1 0 _aDIFFERENTIAL PSYCHOLOGY: INDIVIDUAL AND GROUP DIFFERENCES IN BRHAVIOR /
_cANASTASI, ANNE
260 _a[S.N] :
_bTHE MACMILLAN COMPANY ،
_c1958
300 _a644 P
650 0 4 _aPSYCHOLOGY - THEORIES
650 0 4 _aPSYCHOLOGY - SYSTEMS
650 0 4 _aMETHODOLOGY
942 _2ddc
_cBK
999 _c13963
_d13963